| 000 | 00789nam a22002654a 4500 | ||
|---|---|---|---|
| 001 | UByD003919 | ||
| 003 | AR-LpoUNG | ||
| 005 | 20260109105507.0 | ||
| 008 | 250423s2017 ag a b 000 1 spa d | ||
| 020 | _a9789504645634 | ||
| 040 |
_aAR-LpoUNG _bspa _cAR-LpoUNG _eaacr |
||
| 041 | 0 | _aspa | |
| 082 | 0 | _a808.068 3 456ter | |
| 100 | 1 | _aReyes, Yolanda | |
| 245 | 1 | 3 | _aEl terror de sexto b y otras historias del colegio |
| 250 | _a1ra. ed. | ||
| 260 |
_aBuenos Aires : _bLoqueleo, _c2017. |
||
| 300 |
_a78 p. : _bil. byn |
||
| 505 | _aSugerido a partir de 10 aƱos (etiqueta VIOLETA). | ||
| 650 | 4 | _aNarrativa | |
| 653 | 0 | _aLiteratura infantil | |
| 700 | 1 |
_aRabanal, Daniel _eil. |
|
| 942 |
_2ddc _cLIB |
||
| 999 |
_c66634 _d66634 |
||